SITUACE PRODUCENTŮ VEPŘOVÉHO MASA V ČESKÉ REPUBLICE

Bibliographic Details
Main Author: Trenčanská, Hana (Author)
Format: Article
Language:Czech

MARC

LEADER 00000naa a2200000uu 4500
001 vtls011056157
003 SK-MaSNL
005 20260302115633.0
008 220810|2001 xo |||||||||||||||||cze|
015 |a SNBRA 
035 |a (urnnbn)urn:nbn:sk:snk:ar-a0bysc 
035 |a (uuid)db808b5c-3bb1-41e2-8ac0-0cd11bd17bba 
035 |a urn:nbn:sk:snk-aav5fm 
040 |a SNKBUCL  |b slo  |c SNKBUCL  |e AACR2 
041 0 |a cze 
044 |a xo  |c SK 
100 1 |a Trenčanská, Hana  |4 aut  |9 776327 
245 1 0 |a SITUACE PRODUCENTŮ VEPŘOVÉHO MASA V ČESKÉ REPUBLICE  |c Hana TRENČANSKÁ 
246 3 |a SITUATION OF PORK PRODUCERS IN THE CZECH REPUBLIC 
773 0 |t Zborník vedeckých prác z Medzinárodných vedeckých dní 2001  |d Nitra : Slovenská poľnohospodárska univerzita, 2001  |g S. 1844-1853  |z 8071378712 
954 |a odborná, vedecká literatúra cudzojazyčná (svetová)  |2 lita 
958 |a OND 
958 |a article12 
958 |a chapter 
999 |c 1265713  |d 1267643